Report of the Committee on Contempt of Courts (Record no. 491302)

000 -LEADER
fixed length control field 00387cam a22001217a 4500
008 - FIXED-LENGTH DATA ELEMENTS--GENERAL INFORMATION
fixed length control field 180718b1963 xxu||||| |||| 00| 0 eng d
082 ## - DEWEY DECIMAL CLASSIFICATION NUMBER
Classification number H37x54 In2
100 ## - MAIN ENTRY--PERSONAL NAME
Personal name India. Committee on Contempt of Courts
245 ## - TITLE STATEMENT
Title Report of the Committee on Contempt of Courts
Statement of responsibility, etc. by Ministry of Law
260 ## - PUBLICATION, DISTRIBUTION, ETC.
Place of publication, distribution, etc. Delhi
Name of publisher, distributor, etc. Manager of Publications
Date of publication, distribution, etc. 1963
300 ## - PHYSICAL DESCRIPTION
Extent 68+p.
700 ## - ADDED ENTRY--PERSONAL NAME
Personal name India. Ministry of Law
Holdings
Withdrawn status Lost status Damaged status Not for loan Permanent Location Current Location Date acquired Full call number Barcode Date last seen Price effective from Koha item type
        Indian Institute of Public Administration Indian Institute of Public Administration 2018-08-04 H37x54 In2 G4590 2018-08-04 2018-08-04 G

Powered by Koha